Soon it will be Sunday / (Record no. 13687)

000 -LEADER
fixed length control field 01114nam a22001695i 4500
020 ## - ISBN
ISBN 9798881600112
082 ## - DEWEY DECIMAL CLASSIFICATION NUMBER
Classification number Cir 821.914 L487 2025
100 1# - MAIN ENTRY--PERSONAL NAME
Personal name Leav, Lang,
245 10 - TITLE STATEMENT
Title Soon it will be Sunday /
Statement of responsibility, etc. by Lang Leav.
260 ## - PUBLICATION, DISTRIBUTION, ETC. (IMPRINT)
Place of publication, distribution, etc. Missouri :
Name of publisher, distributor, etc. Andrews McMeel Publishing,
Date of publication, distribution, etc. c2025.
300 ## - PHYSICAL DESCRIPTION
Extent/Page number 154 p.
337 ## - MEDIA TYPE
Media type term unmediated
Media type code n
520 ## - SUMMARY, ETC.
Summary, etc. "Through poetry, micro-essays, and ruminations, Soon It Will Be Sunday delves into the purpose and impact of the interpersonal attachments that women form during different stages of their lives. Internationally bestselling author Lang Leav reflects on the perilous and winding road of being a woman, contending with the conflicting messages we receive from society, and the choices we make that ultimately define us, while also addressing the narrowing options women face with the passing of time. Deeply personal and all too relatable, Soon It Will Be Sunday aims to provide a mirror for women to see and be seen no matter which era of womanhood you are currently navigating"--
Assigning source Provided by publisher.
526 ## - STUDY PROGRAM INFORMATION NOTE
PROGRAM TYPE Literature (plays, poems, essays, literature in foreign languages)
650 ## - SUBJECT ADDED ENTRY--TOPICAL TERM
Topical term or geographic name as entry element Poetry.
942 ## - ADDED ENTRY ELEMENTS
Classification
Item type Book
Holdings
Withdrawn status Lost status Source of classification or shelving scheme Damaged status Not for loan Collection code Permanent Location Current Location Shelving location Date acquired Source of acquisition Cost, normal purchase price Inventory number Total Checkouts Full call number Barcode Date last seen Date last checked out Copy number Cost, replacement price Price effective from Item type
          Circulation High School Library High School Library   2025-10-15 Library Budget 1063.00 8239 1 Cir 821.914 L487 2025 HS8239 2026-02-09 2026-01-29 1 2126.00 2025-10-15 Book